[Event "Odysseus Autumn C"]
[Site "Soborg"]
[Date "2003.09.18"]
[Round "2"]
[White "Aude, Jacob"]
[Black "Faber, Morten"]
[Result "1-0"]
[WhiteElo "1627"]
[BlackElo "1094"]
[PlyCount "73"]
[EventDate "2003.09.11"]
[EventType "tourn"]
[EventRounds "5"]
[EventCountry "DEN"]
[SourceTitle "EXT 2023"]
[Source "ChessBase"]
[SourceDate "2022.10.05"]
[SourceVersion "1"]
[SourceVersionDate "2022.10.05"]
[SourceQuality "1"]

1. d4 Nf6 2. Nf3 d5 3. c4 c6 4. Nc3 e6 5. e3 Bb4 6. Bd2 Bxc3 7. Bxc3 Ne4 8. Bd3 Nd7 9. 0-0 0-0 10. cxd5 exd5 11. Bb4 Re8 12. Qc2 f5 13. Rae1 g5 14. Ne5 Nxe5 15. dxe5 Rxe5 16. f3 Nd6 17. Bc3 Re8 18. g4 Nc4 19. Bd4 b5 20. gxf5 Qd6 21. f6 Kf7 22. Bxh7 Ne5 23. Bxe5 Qxe5 24. Bg6+ Kxf6 25. Bxe8 Qxe8 26. e4 Bh3 27. exd5 Qd7 28. Qc3+ Kg6 29. dxc6 Qc7 30. Rf2 Rf8 31. Qc5 Rf5 32. Re6+ Kh5 33. Qd6 Qg7 34. Re7 Rf7 35. Rxf7 Qxf7 36. Qd3 Qxa2 37. Qh7# 1-0

[Event "Odysseus Spring C"]
[Site "Soborg"]
[Date "2001.05.??"]
[Round "3"]
[White "Aude, Jacob"]
[Black "Oddershede, Niels"]
[Result "1/2-1/2"]
[WhiteElo "1496"]
[BlackElo "1555"]
[PlyCount "23"]
[EventDate "2001.05.10"]
[EventType "tourn"]
[EventRounds "5"]
[EventCountry "DEN"]
[SourceTitle "EXT 2023"]
[Source "ChessBase"]
[SourceDate "2022.10.05"]
[SourceVersion "1"]
[SourceVersionDate "2022.10.05"]
[SourceQuality "1"]

1. d4 Nf6 2. Nf3 g6 3. c4 Bg7 4. g3 d6 5. Bg2 0-0 6. 0-0 Nbd7 7. Nc3 e5 8. Qc2 c6 9. Rd1 Qc7 10. b3 Rb8 11. dxe5 dxe5 12. Ba3 1/2-1/2

[Event "Odysseus EMT"]
[Site "Soborg"]
[Date "2000.04.??"]
[Round "3"]
[White "Aude, Jacob"]
[Black "Berg, Soren"]
[Result "1/2-1/2"]
[WhiteElo "1415"]
[BlackElo "2012"]
[PlyCount "53"]
[EventDate "2000.04.27"]
[EventType "swiss"]
[EventRounds "5"]
[EventCountry "DEN"]
[SourceTitle "EXT 2023"]
[Source "ChessBase"]
[SourceDate "2022.10.05"]
[SourceVersion "1"]
[SourceVersionDate "2022.10.05"]
[SourceQuality "1"]

1. d4 e6 2. Nf3 f5 3. g3 Nf6 4. Bg2 d5 5. 0-0 Bd6 6. c4 c6 7. b3 Qe7 8. Bb2 0-0 9. Nbd2 b6 10. Rc1 Bb7 11. Ne5 Nbd7 12. cxd5 cxd5 13. Ndc4 Ne4 14. Nxd6 Qxd6 15. f3 Nef6 16. Qd2 a5 17. Rc2 Nb8 18. Rfc1 Na6 19. a3 Nd7 20. Nd3 Rac8 21. Qe3 Rxc2 22. Rxc2 Rc8 23. Rxc8+ Bxc8 24. Qc1 Qc7 25. Qxc7 Nxc7 26. Kf2 Ba6 27. Ke3 1/2-1/2

[Event "Odysseus EMT"]
[Site "Soborg"]
[Date "2000.04.??"]
[Round "1"]
[White "Brammer, Esben Benedict"]
[Black "Aude, Jacob"]
[Result "0-1"]
[WhiteElo "1442"]
[BlackElo "1415"]
[PlyCount "90"]
[EventDate "2000.04.27"]
[EventType "swiss"]
[EventRounds "5"]
[EventCountry "DEN"]
[SourceTitle "EXT 2023"]
[Source "ChessBase"]
[SourceDate "2022.10.05"]
[SourceVersion "1"]
[SourceVersionDate "2022.10.05"]
[SourceQuality "1"]

1. Nf3 d5 2. d4 Nf6 3. c3 e6 4. Bg5 Be7 5. Nbd2 Nbd7 6. e3 0-0 7. Qc2 c5 8. b3 b6 9. Bd3 h6 10. Bf4 Bb7 11. h3 Rc8 12. g4 cxd4 13. exd4 Bb4 14. Nb1 Ne4 15. Bxe4 dxe4 16. Ne5 Nxe5 17. Bxe5 e3 18. Rg1 f6 19. Bg3 Qxd4 20. fxe3 Qxe3+ 21. Kf1 Bxc3 22. Nxc3 Rxc3 23. Qe2 Rd8 24. Qxe3 Rxe3 25. Kf2 Red3 26. Rae1 e5 27. Re3 Rd2+ 28. Re2 Ba6 29. Rxd2 Rxd2+ 30. Ke3 Re2+ 31. Kf3 Rxa2 32. Rc1 Bb7+ 33. Ke3 Bd5 34. Rc3 Ra3 35. Kd2 Rxb3 36. Rxb3 Bxb3 37. Kc3 Bd5 38. Kb4 Bc6 39. Kc4 Kf7 40. Bf2 Ke6 41. Be3 f5 42. gxf5+ Kxf5 43. Kd3 g5 44. Bd2 h5 45. Ke3 Bg2 0-1

[Event "Odysseus EMT"]
[Site "Soborg"]
[Date "2000.04.??"]
[Round "4"]
[White "Friis, Jesper"]
[Black "Aude, Jacob"]
[Result "1/2-1/2"]
[WhiteElo "1634"]
[BlackElo "1415"]
[PlyCount "74"]
[EventDate "2000.04.27"]
[EventType "swiss"]
[EventRounds "5"]
[EventCountry "DEN"]
[SourceTitle "EXT 2023"]
[Source "ChessBase"]
[SourceDate "2022.10.05"]
[SourceVersion "1"]
[SourceVersionDate "2022.10.05"]
[SourceQuality "1"]

1. e4 c6 2. d4 d5 3. Nc3 dxe4 4. Nxe4 Nf6 5. Nxf6+ gxf6 6. Bf4 Bf5 7. Nf3 e6 8. Bd3 Bg6 9. c3 Bd6 10. Bxd6 Qxd6 11. Qe2 Nd7 12. 0-0-0 0-0-0 13. Bxg6 hxg6 14. h3 Nb6 15. Rhe1 Rh5 16. Qe4 Nc4 17. Nd2 Nxd2 18. Rxd2 c5 19. Red1 c4 20. g4 Rd5 21. f3 Qa6 22. a3 Qd6 23. h4 Rh8 24. Rh1 Qg3 25. Rdh2 f5 26. Qe2 Qf4+ 27. Kb1 b5 28. a4 a6 29. axb5 axb5 30. Kc2 Kb7 31. h5 g5 32. gxf5 Rxf5 33. Qe4+ Kb6 34. h6 Qxf3 35. Qxf3 Rxf3 36. h7 g4 37. Rh4 Rf2+ 1/2-1/2